000 01858nam a22002417a 4500
999 _c62925
_d62925
003 Ge_BSU
005 20250324124932.0
008 250324s2012 ge ||||| |||| 00| 0 geo d
041 _ageo
080 _a581.7 : 635.9(479.223) მ-43
100 _aმაჭუტაძე, ეთერ
_917485
245 _aბათუმის ბოტანიკურ ბაღში ინტროდუცირებული დეკორატიული ბუჩქების ბიოეკოლოგიური თავისებურებანი აჭარის ზღვისპირეთში = Bio-ecological Characteristics of the Decorative Bushes Introduced into the Batumi Botanical Garden in Adjara Sea Coast /
_cეთერ მაჭუტაძე; რედ. ა. კორახაშვილი, ნ. ლომთათიძე; შოთა რუსთაველის სახელმწიფო უნივერსიტეტი. ბათუმის ბოტანიკური ბაღი.
264 _aბათუმი,
_c2012.
300 _a155 გვ. :
_bილ. ;
_c20 სმ.
504 _aბიბლიოგრ. გვ.145-154
520 _aრეზიუმე რუს. ენაზე გვ. 142-144
653 _aდეკორატიული ინტროდუცენტები
653 _aდეკორატიული ბუჩქები
700 _aკორახაშვილი, ა.
_eრედაქტორი
_912607
700 _aლომთათიძე, ნ.
_eრედაქტორი
_91126
710 _aშოთა რუსთაველის სახელმწიფო უნივერსიტეტი
_bბათუმის ბოტანიკური ბაღი
_924650
942 _2udc
_cᲬᲘᲒᲜᲘ